Beatles Albums (US, Compilations Included) - Statistics

General Stats
  • This quiz has been taken 13 times
  • The average score is 21 of 34
Answer Stats
Hint Answer % Correct
1969 Abbey Road
100%
1964 A Hard Day's Night
100%
1965 Help!
100%
1970 Let It Be
100%
1967 Magical Mystery Tour
100%
1966 Revolver
100%
1965 Rubber Soul
100%
1967 Sgt. Pepper's Lonely Hearts Club Band
100%
1968 The Beatles (The White Album)
100%
1969 Yellow Submarine
100%
1963 With The Beatles
92%
1963 Please Please Me
85%
1964 Beatles For Sale
77%
2000 1
69%
1973 1962-1966
69%
1973 1967-1970
69%
1988 Past Masters
62%
1995 Anthology 1
54%
1996 Anthology 2
54%
1996 Anthology 3
54%
2006 Love
54%
1964 Meet The Beatles!
54%
2025 Anthology 4
46%
2003 Let It Be... Naked
38%
1964 Beatles '65
31%
1970 Hey Jude
31%
1964 The Beatles' Second Album
31%
1966 Yesterday And Today
31%
1965 Beatles VI
23%
1964 Introducing... The Beatles
23%
1964 Something New
23%
1966 A Collection Of Beatles Oldies
15%
1964 Long Tall Sally
15%
1999 Yellow Submarine Songtrack
15%
No matching quizzes found
Score Distribution
Percent of People with Each Score
Percentile by Number Answered
Your Score History
You have not taken this quiz